The code for leasing business premises in England and Wales 2020 (Record no. 121203)

MARC details
000 -LEADER
fixed length control field 02818cad a22003735a 4500
001 - CONTROL NUMBER
control field K121203
008 - FIXED-LENGTH DATA ELEMENTS--GENERAL INFORMATION
fixed length control field 070328s2020 xxk f 000 0 eng d
020 ## - INTERNATIONAL STANDARD BOOK NUMBER
ISBN 9781783213795
035 ## - SYSTEM CONTROL NUMBER
System control number (Sirsi) u137317
041 0# - LANGUAGE CODE
Language code of text/sound track or separate title eng
110 ## - MAIN ENTRY--CORPORATE NAME
Corporate author RICS Commercial Property Professional Group
245 04 - TITLE STATEMENT
Title The code for leasing business premises in England and Wales 2020
Subtitle RICS Professional Standard
250 ## - EDITION
Edition statement 1st ed .
260 ## - PUBLICATION INFORMATION
Place of publication London,
Publisher RICS,
Date 2020
300 ## - PHYSICAL DESCRIPTION
Physical description 42p.
490 ## - SERIES TITLE
Series statement RICS Professional Statement
490 ## - SERIES TITLE
Series statement RICS Professional Standard
520 ## - ABSTRACT
Abstract The objective of the Professional Statement mandatory for all RICS UK members is to improve the quality and fairness of negotiations on lease terms and to promote the issue of comprehensive heads of terms that should make the legal drafting process more efficient. The statement and code do not prescribe the outcome, but seek to make it fair and balanced by identifying the terms that are usually important and encouraging both parties to obtain advice from property professionals. This enables negotiations to proceed properly so that each party can make an informed decision about whether to proceed on the terms that they negotiate. Includes template heads of terms and checklist .Applies to lettings of premises in England and Wales to tenants who will carry on trade, professional or other business activities in them, but it does not apply to agricultural lettings, premises that will only be used for housing plant and equipment (such as electricity transformers or telecoms) or advertising media (such as hoardings), premises that are intended to be wholly sublet by the tenant, or to premises being let for a period of not more than six months. Supersedes Code of leasing business premises in England and Wales 2007 L137317<br/><br/>
520 ## - ABSTRACT
Abstract This guidance note was amended January 2022 to update references to the RICS Rules of Conduct.
520 ## - ABSTRACT
Abstract This document was originally published in February 2020 as an RICS professional statement and reissued in September 2023 as an RICS professional standard
590 ## - LOCAL NOTE (RLIN)
Local note KA
650 24 - KEYWORDS
Keywords Code for leasing business premises in England and Wales
650 24 - KEYWORDS
Keywords Lease terms
651 #4 - SUBJECT ADDED ENTRY--GEOGRAPHIC NAME
Geographic name England and Wales
690 ## - BROAD SUBJECT
Broad subject Landlord and tenant
9 (RLIN) 6252
710 2# - ADDED CORPORATE NAME
Added corporate author British Council for Offices
710 2# - ADDED CORPORATE NAME
Added corporate author British Property Federation
710 2# - ADDED CORPORATE NAME
Added corporate author Federation of Small Businesses
710 2# - ADDED CORPORATE NAME
Added corporate author Law Society of England and Wales
710 2# - ADDED CORPORATE NAME
Added corporate author Royal Institution of Chartered Surveyors
710 ## - ADDED CORPORATE NAME
Added corporate author Revo
856 41 - ONLINE RESOURCE
Uniform Resource Identifier <a href="https://www.rics.org/profession-standards/rics-standards-and-guidance/sector-standards/real-estate-standards/code-for-leasing-business-premises-1st-edition">https://www.rics.org/profession-standards/rics-standards-and-guidance/sector-standards/real-estate-standards/code-for-leasing-business-premises-1st-edition</a>
Public note view the updated 2023 item at RICS.org
942 ## - ADDED ENTRY ELEMENTS (KOHA)
Suppress in OPAC Do not suppress in OPAC
Holdings
Lost status Damaged status Not for loan Home library Current library Shelving location Date acquired Total Checkouts Date last seen Price effective from Koha item type
      Virtual Virtual Online 11/02/2020   11/02/2020 11/02/2020 Online material